000
00291nam a22001337a 4500
008
180221b xxu||||| |||| 00| 0 eng d
020
_a
0077235291
041
_a
eng
080
_a
62
100
_a
27
101
_a
ENG
245
_a
ENGR 11 112 TRACK A
_c
MICHAEL.E.P
942
_2
udc
_c
BK
999
_c
43080
_d
43080